| 000 | 00641nam a22002057a 4500 | ||
|---|---|---|---|
| 999 |
_c178283 _d178283 |
||
| 003 | dpl | ||
| 005 | 20210324125712.0 | ||
| 008 | 210324b ||||| |||| 00| 0 eng d | ||
| 010 | _aMAL-9253 | ||
| 020 |
_a978-81-8267-727-2 _c175.00 |
||
| 035 | _aMA-8710 | ||
| 040 | _cDBAD BOOKS | ||
| 082 |
_a910.4 _bGEO |
||
| 100 | _aജോർജ് ടി.ജെ.എസ്. | ||
| 245 | _aഹോ ചി മിൻറെ നാട്ടിൽ | ||
| 260 |
_aKozhikode, Kerala, India _bThe Mathrubhumi Printing & Publishing Co. Ltd _c2019 |
||
| 270 |
_aMM Press,Cherootty Road,Kozhikode _e673001 |
||
| 300 |
_a143p _c21cm |
||
| 942 |
_2ddc _cMA _m910.4 GEO |
||